States That Beat Alabama - Statistics

General Stats
  • This quiz has been taken 563 times
    364 since last reset
  • The average score is 14 of 18
Answer Stats
Rank Category Answer % Correct
9 Most Tornadoes Texas | Kansas | Oklahoma | Nebraska | Florida | Illinois | Colorado | Iowa
99%
10 Highest Coal Production Wyoming | West Virginia | Pennsylvania | Illinois | Kentucky | Montana | Indiana | North Dakota | Texas
92%
7 Least Educated (% with College Degree) West Virginia | Mississippi | Arkansas | Louisiana | Kentucky | Nevada
90%
7 Highest Average Temperature Florida | Hawaii | Louisiana | Texas | Georgia | Mississippi
89%
7 Most Executions Texas | Virginia | Oklahoma | Florida | Missouri | Georgia
88%
8 Highest % of Residents Born in State Louisiana | Michigan | Ohio | Mississippi | Pennsylvania | Wisconsin | Iowa
83%
5 Highest % African-American Mississippi | Louisiana | Georgia | Maryland
83%
6 Poorest by Median Income West Virginia | Mississippi | Arkansas | New Mexico | Louisiana
82%
8 Highest Gun Ownership Alaska | Arkansas | Idaho | West Virginia | Wyoming | Montana | New Mexico
81%
6 Highest % Obese Mississippi | West Virginia | Arkansas | Louisiana | Kentucky
81%
7 Lowest Median Home Price West Virginia | Mississippi | Oklahoma | Arkansas | Iowa | Kentucky
80%
4 Most Endangered Species Hawaii | California | Florida
78%
7 Highest % of Workforce in Manufacturing Indiana | Michigan | Wisconsin | Iowa | Ohio | Arkansas
76%
5 Highest % Forested Maine | New Hampshire | West Virginia | Vermont
73%
3 Most Venomous Snake Species Arizona | Texas
68%
4 Most Precipitation Hawaii | Louisiana | Mississippi
68%
3 Lowest Life Expectancy West Virginia | Mississippi
64%
4 Most Traffic Deaths (per capita) Mississippi | Wyoming | South Carolina
53%
No matching quizzes found
Score Distribution
Percent of People with Each Score
Percentile by Number Answered
Your Score History
You have not taken this quiz since the last reset